Špecifiká tvorby a správy portfólia dlhopisov v komerčnej banke
Cieľom riadenia portfólia aktív ako súboru investícií je optimalizovať vzťah medzi jeho výnosom a rizikom, t.j. pri danej miere rizika maximalizovať výnos, alebo pri danej miere výnosu minimalizovať riziko. Komerčné banky spolu s ostatnými finančnými inštitúciami držia vo svojich portfóliách rôzne c...
Guardado en:
| Autor principal: | |
|---|---|
| Formato: | Capítulo de libro |
| Lenguaje: | eslovaco |
| Materias: | |
| Etiquetas: |
Sin Etiquetas, Sea el primero en etiquetar este registro!
|
MARC
| LEADER | 00000nla a2200000 4500 | ||
|---|---|---|---|
| 001 | 0228735 | ||
| 005 | 20240502083616.3 | ||
| 041 | 0 | |a slo | |
| 044 | |a CZ | ||
| 245 | 1 | 0 | |a Špecifiká tvorby a správy portfólia dlhopisov v komerčnej banke |c Vladimír Gvozdják |
| 520 | |a Cieľom riadenia portfólia aktív ako súboru investícií je optimalizovať vzťah medzi jeho výnosom a rizikom, t.j. pri danej miere rizika maximalizovať výnos, alebo pri danej miere výnosu minimalizovať riziko. Komerčné banky spolu s ostatnými finančnými inštitúciami držia vo svojich portfóliách rôzne cenné papiere, medzi ktorými sú aj dlhopisy. Motivácia investovania bánk do dlhopisov je rôzna: je to dosiahnutie dodatočného príjmu a výnosu, tvorba likvidných rezerv, naplnenie regulatórnych požiadaviek alebo diverzifikácia rizika v portfóliu. Osobitosťou správy dlhopisového portfólia bánk je zohľadnenie charakteru činností týchto inštitúcií s ohľadom na ich záväzky. V strede pozornosti asset manažéra pri tvorbe portfólia dlhopisov je v tomto procese riadenie vzťahov medzi aktívami a pasívami komerčnej banky. | ||
| 610 | 2 | 0 | |a banky obchodné |
| 610 | 2 | 0 | |a dlhopisy |
| 610 | 2 | 0 | |a portfólio |
| 610 | 2 | 0 | |a riziko bankové |
| 100 | 1 | |a Gvozdják, Vladimír | |